Energy : Principles, problems, alternatives
The fourth edition of Joseph Priest's Energy draws heavily on the experience of instructors who used earlier editions. It is designed for environmental science courses for non-science majors and is suitable for fulfilling their science requirement.
שמור ב:
| מחבר ראשי: | |
|---|---|
| פורמט: | ספר |
| שפה: | Undetermined |
| יצא לאור: |
New York
Addison-Wesley
1991
|
| נושאים: | |
| תגים: |
הוספת תג
אין תגיות, היה/י הראשונ/ה לתייג את הרשומה!
|
| Thư viện lưu trữ: | Trung tâm Học liệu Trường Đại học Cần Thơ |
|---|
| LEADER | 00786nam a2200205Ia 4500 | ||
|---|---|---|---|
| 001 | CTU_148837 | ||
| 008 | 210402s9999 xx 000 0 und d | ||
| 082 | |a 333.79 | ||
| 082 | |b P949 | ||
| 100 | |a Priest, Joseph | ||
| 245 | 0 | |a Energy : | |
| 245 | 0 | |b Principles, problems, alternatives | |
| 245 | 0 | |c Joseph Priest | |
| 260 | |a New York | ||
| 260 | |b Addison-Wesley | ||
| 260 | |c 1991 | ||
| 520 | |a The fourth edition of Joseph Priest's Energy draws heavily on the experience of instructors who used earlier editions. It is designed for environmental science courses for non-science majors and is suitable for fulfilling their science requirement. | ||
| 650 | |a Nguồn điện,Power resources | ||
| 904 | |i Tuyến | ||
| 980 | |a Trung tâm Học liệu Trường Đại học Cần Thơ | ||